[Event "CRO-ch Men 2018"]
[Site "Pozega"]
[Date "2018.04.26"]
[Round "10.5"]
[White "Kozul, Zdenko"]
[Black "Martinovic, Sasa"]
[Result "0-1"]
[WhiteElo "2611"]
[BlackElo "2594"]
[Annotator "TA"]
[PlyCount "156"]
[EventDate "2018.??.??"]
[EventType "tourn"]
[EventCountry "CRO"]
[SourceTitle "playchess.com"]
[Source "ChessBase"]
[SourceQuality "1"]

{[%evp 17,156,30,19,21,32,31,44,0,17,-27,-24,-17,-11,-21,-12,-16,-14,-127,-120,-140,-115,-108,-7,-44,-27,-49,-39,-110,-113,-83,0,-95,-102,-97,-89,-104,-89,-102,-95,-102,-99,-95,-75,-53,-53,-68,-59,-86,-93,-104,-100,-111,-85,-95,-56,-93,-86,-78,-72,-88,-88,-86,-86,-172,-164,-167,-151,-175,-159,-206,-149,-161,-143,-168,-151,-160,-168,-181,-204,-259,-195,-197,-205,-179,-193,-267,-264,-253,-250,-249,0,-181,0,-263,-257,-227,-221,-295,-302,-367,-375,-416,-409,-393,-379,-581,-594,-619,-588,-773,-754,-747,-746,-772,-739,-797,-733,-833,-584,-408,0,-887,-910,-995,-869,-930,-856,-881,-897,-805,-667,-2228,-2020,-1667,0,-1900,-1672,-29979,-29971,-29982,-29983]} 1. d4 d5 2. Nf3 Nf6 3. c4 c6 4. e3 e6 5. Bd3 Bd6 6. O-O {D30: Queen's Gambit Declined: Systems without Nc3} (6. b3 O-O 7. Bb2 b6 8. O-O Bb7 9. Qc2 h6 10. Nc3 Nbd7 11. Rad1 Qe7 12. e4 dxe4 13. Nxe4 Nxe4 14. Bxe4 {1-0 (22) Kuzubov,Y (2695)-Noroozi,O (2351) Amol 2018}) 6... O-O 7. Nbd2 c5 8. dxc5 Bxc5 9. a3 a5 {LiveBook: 4 Games} 10. Qc2 {Black should prevent cxd5.} dxc4 11. Nxc4 Nbd7 $146 ({Predecessor:} 11... b6 12. Bd2 Bb7 13. b4 axb4 14. axb4 {½-½ (30) Balta,M (2242)-Tudor,V (1792) ICCF email 2011}) 12. e4 b5 13. Ncd2 Bb7 14. Bxb5 Rc8 15. Qd3 Qc7 16. Qe2 Rfd8 17. Ba6 (17. a4 $1 $11 {was the only way to keep the balance.}) 17... Bxa6 18. Qxa6 Ng4 $36 {[%mdl 2048] Threatens to win with ...Bxf2+. White is under strong pressure.} 19. Qe2 a4 (19... Bxf2+ $1 $17 20. Rxf2 Nxf2 21. Qxf2 Nc5) 20. h3 (20. b4 $5 {[%cal Rb4c5]} axb3 21. Nxb3 $11) 20... Nxf2 21. Rxf2 Bxf2+ 22. Kxf2 (22. Qxf2 $15 Ne5 23. Ne1) 22... Nc5 $1 $17 {[%cal Rc5d3,Bd7c5,Bc5e4,Be4g3][%mdl 32]} 23. Ne1 Rd4 (23... f5 $17) 24. Ndf3 (24. Nf1 $11) 24... Nxe4+ 25. Kg1 Ng3 $1 {[%cal Rg3e2]} ({Much weaker is} 25... Rc4 $6 26. Be3 $11) 26. Qf2 Rd1 {[#] Strongly threatening ...Ne4.} 27. Bf4 $1 {[%mdl 512] [#]} Rxe1+ $1 {[%mdl 512]} (27... Qxf4 28. Rxd1) 28. Rxe1 Qxf4 29. Ne5 Qxf2+ 30. Kxf2 {[%mdl 4096] Endgame KRN-KRN} Nf5 31. Re4 Rc2+ 32. Re2 Rc5 33. Nd3 Rd5 34. Nb4 Rd1 35. Na2 Rd4 36. Nc3 {[#]} Nd6 $1 37. Ke1 Kf8 38. Re5 Nc4 39. Rb5 Ne3 40. Ra5 (40. g4 $17 {is a better defense.}) 40... Nxg2+ $19 41. Ke2 Nf4+ 42. Ke3 Rc4 43. Ne4 {intending Ra8+.} Nd5+ ({Don't take} 43... Nxh3 44. Ra8+ Ke7 45. Ra7+ Kd8 46. Nd6 $17) 44. Kd3 Rc6 45. Rxa4 f5 46. Ra8+ Ke7 47. Ng5 h6 48. Nf3 Rd6 49. Kc2 Nb6 50. Rg8 Kf7 51. Rh8 (51. Rb8 $142) 51... Nd7 52. Rd8 Ke7 53. Rg8 Kf7 54. Rd8 Ke7 (54... Kf6 $142 55. a4 e5) 55. Rg8 $1 Kf6 56. Nd2 e5 {[%cal Be6e5,Be5e4][%mdl 32]} 57. a4 e4 58. a5 Ne5 {...e3 is the strong threat.} 59. Rf8+ Kg5 {Hoping for ...e3.} 60. Re8 Kf4 61. Nb1 (61. Nb3 {was necessary.}) 61... Nc6 62. Nc3 Nxa5 63. b4 Nc6 64. Kb3 e3 65. b5 Nd8 66. Kc4 Kf3 67. b6 Rc6+ 68. Kd3 Rd6+ (68... f4 $142 69. Rxd8 Rxb6) 69. Kc4 f4 70. Nb5 Rd7 71. Nc3 g5 72. Re5 Rd6 73. Rb5 e2 74. Rb1 Rc6+ 75. Kd3 {[#]} Rd6+ $2 ({Better is} 75... Rxb6 $1 $19 {[%mdl 512]} 76. Re1 (76. Rxb6 e1=Q) 76... Rd6+ 77. Kc2 Nc6) 76. Kc2 $2 {[%mdl 8192] [#]} (76. Kc4 $11 Rxb6 77. Ra1) 76... Rxb6 $1 {[%mdl 512]} 77. Re1 (77. Rxb6 e1=Q) 77... Rc6 78. Kd2 {[#]} Rxc3 $1 {Precision: White = 50%, Black = 76%.} 0-1

[Event "CRO-ch Men 2018"]
[Site "Pozega"]
[Date "2018.04.26"]
[Round "10.6"]
[White "Saric, Ante"]
[Black "Stevic, Hrvoje"]
[Result "1/2-1/2"]
[WhiteElo "2541"]
[BlackElo "2587"]
[Annotator "TA"]
[PlyCount "45"]
[EventDate "2018.??.??"]
[EventType "tourn"]
[EventCountry "CRO"]
[SourceTitle "playchess.com"]
[Source "ChessBase"]
[SourceQuality "1"]

{[%evp 29,45,16,18,0,0,0,6,0,12,0,0,0,0,0,0,0,0,0]} 1. c4 c5 2. Nf3 Nc6 3. d4 cxd4 4. Nxd4 Nf6 5. Nc3 e6 6. Ndb5 d5 7. Bf4 e5 8. cxd5 exf4 9. dxc6 bxc6 10. Qxd8+ Kxd8 11. O-O-O+ Bd7 {A33: Symmetrical English: 2 Nf3 Nf6 3 d4 cxd4 4 Nxd4 e6 5 Nc3 Nc6} 12. Nd6 Bxd6 13. Rxd6 Ng4 14. Nd1 Kc7 15. Rd4 g5 {LiveBook: 4 Games. The position is equal.} 16. g3 fxg3 $1 17. hxg3 h5 18. Bg2 Rae8 {[#]} 19. Bf3 $146 {Rxh5! is the strong threat.} ({Predecessor:} 19. Ra4 Kb6 20. Rb4+ Kc7 21. Ra4 Kb6 22. Rb4+ Kc7 23. Ra4 {½-½ (23) Svidler,P (2740)-Vitiugov,N (2729) Nizhnij Novgorod 2013}) 19... f5 20. Ra4 Kb6 21. Rb4+ Kc7 22. Ra4 Kb6 23. Rb4+ 1/2-1/2

[Event "CRO-ch Men 2018"]
[Site "Pozega"]
[Date "2018.04.27"]
[Round "11.1"]
[White "Stevic, Hrvoje"]
[Black "Kuljasevic, Davorin"]
[Result "1/2-1/2"]
[WhiteElo "2587"]
[BlackElo "2538"]
[Annotator "TA"]
[PlyCount "30"]
[EventDate "2018.??.??"]
[EventType "tourn"]
[EventCountry "CRO"]
[SourceTitle "playchess.com"]
[Source "ChessBase"]
[SourceQuality "1"]

{[%evp 21,30,0,0,0,0,0,-5,-10,0,-13,-16]} 1. e4 e5 2. Nf3 Nc6 3. d4 exd4 4. Nxd4 Nf6 5. Nxc6 bxc6 6. Nd2 d5 7. exd5 {C45: Scotch Game} cxd5 8. Bb5+ Bd7 9. Bxd7+ Qxd7 10. O-O Be7 11. Nf3 O-O {LiveBook: 7 Games. The position is equal.} 12. Bg5 h6 13. Bh4 Rfe8 14. Re1 Qb5 15. b3 {[#]} Qb6 $146 1/2-1/2

[Event "CRO-ch Men 2018"]
[Site "Pozega"]
[Date "2018.04.27"]
[Round "11.2"]
[White "Martinovic, Sasa"]
[Black "Saric, Ante"]
[Result "1/2-1/2"]
[WhiteElo "2594"]
[BlackElo "2541"]
[Annotator "TA"]
[PlyCount "53"]
[EventDate "2018.??.??"]
[EventType "tourn"]
[EventCountry "CRO"]
[SourceTitle "playchess.com"]
[Source "ChessBase"]
[SourceQuality "1"]

{[%evp 12,53,29,24,28,8,16,0,28,18,31,16,11,21,30,0,0,9,32,12,25,30,35,17,15,11,36,0,20,0,0,0,0,-2,-14,-30,0,0,0,-22,0,0,0,-20]} 1. d4 d5 2. c4 e6 3. Nc3 Nf6 4. cxd5 Nxd5 5. e4 Nxc3 6. bxc3 c5 7. Rb1 Be7 {D35: Queen's Gambit Declined: Exchange Variation} 8. Nf3 O-O 9. Bc4 a6 10. a4 Qc7 {Black wants to play ...cxd4.} 11. Be2 cxd4 12. cxd4 b6 13. Bd2 $146 ({Predecessor:} 13. O-O Bb7 14. Qd3 Nd7 15. Be3 {½-½ (30) Le,Q (2737)-Lei,T (2531) Caleta 2018}) 13... Bb7 14. Bd3 Rd8 15. Qb3 Nd7 16. O-O Rac8 17. Rfe1 h6 18. h3 Bf8 19. h4 Qd6 20. Qa2 Qb8 21. Qb2 Qa8 22. Bf4 a5 23. Qe2 Bc6 24. Bc2 {The position is equal.} Bb7 25. Bd3 Bc6 26. Bc2 Bb7 27. Bd3 {Precision: White = 55%, Black = 69%.} 1/2-1/2

[Event "CRO-ch Men 2018"]
[Site "Pozega"]
[Date "2018.04.27"]
[Round "11.3"]
[White "Kovacevic, Blazimir"]
[Black "Kozul, Zdenko"]
[Result "1/2-1/2"]
[WhiteElo "2493"]
[BlackElo "2611"]
[Annotator "TA"]
[PlyCount "170"]
[EventDate "2018.??.??"]
[EventType "tourn"]
[EventCountry "CRO"]
[SourceTitle "playchess.com"]
[Source "ChessBase"]
[SourceQuality "1"]

{[%evp 20,170,38,13,43,31,32,8,9,9,25,12,22,-14,-14,-11,-14,-6,-10,-6,-2,-25,-20,-21,0,0,8,8,6,0,5,0,0,0,6,14,6,8,12,0,15,14,14,0,0,0,4,0,7,6,6,7,4,0,0,0,0,0,0,0,0,0,0,0,0,0,0,0,0,0,0,0,0,0,0,0,0,0,0,0,0,0,0,0,0,-2,-3,-6,-6,-8,-7,-8,-8,-8,0,-8,-8,-8,-8,-8,-6,-8,0,0,0,0,0,0,0,-2,0,-15,0,-8,-7,-15,-15,-15,-15,-15,-15,-15,-15,-15,0,-15,-8,-8,-8,-8,-8,-8,0,-8,-8,-8,-8,-8,-8,-8,0,-8,-8,-8,-8,-15,-15,-15,-8,-15,-15,-15,-15]} 1. d4 Nf6 2. Nf3 g6 3. Nbd2 d5 4. e3 Bg7 5. b4 O-O 6. c4 Bg4 7. Bb2 c6 8. Be2 {A48: 1 d4 Nf6 2 Nf3 g6: Torre, London and Colle Systems} Nbd7 (8... Ne4 9. O-O Nxd2 10. Nxd2 Bxe2 11. Qxe2 Nd7 12. Rfd1 Re8 13. a4 a6 14. h3 e6 15. b5 axb5 16. axb5 {½-½ (37) Schlosser,P (2510)-Kozul,Z (2617) Karlsruhe 2018}) 9. O-O e6 10. h3 Bxf3 11. Bxf3 {LiveBook: 4 Games} Re8 12. Qb3 a5 13. bxa5 Qxa5 14. Bc3 Qa3 $146 ({Predecessor:} 14... dxc4 15. Nxc4 {½-½ (38) Colas,J (2247)-Larson,M (2160) Saint Louis 2014}) 15. Rfb1 b6 16. e4 (16. Bb2 {is interesting.} Qa5 17. Qd3 Qa4 18. Bd1 Qa7 19. a4) 16... dxe4 17. Nxe4 Nxe4 18. Bxe4 Rec8 19. Bb2 Qa4 20. Rd1 Ra7 21. Bc2 {The position is equal.} Qa5 22. a4 Qh5 23. Rab1 Qh4 24. d5 {And now dxe6 would win.} exd5 25. Bxg7 Kxg7 26. cxd5 c5 27. d6 c4 28. Qe3 Qf6 29. Rb5 Raa8 30. Qe7 Rd8 31. Qxf6+ Kxf6 32. Rd4 Rdc8 33. Rb4 Ke5 $132 {[%mdl 2048] Black is not keeping still} 34. Rbxc4 Rxc4 35. Rxc4 Kxd6 $11 {[%mdl 4096] Endgame KRB-KRN} 36. Rd4+ Ke7 37. Rb4 Rc8 38. Bd3 Rc1+ 39. Kh2 h5 40. g3 Ra1 41. Ba6 Nc5 42. Rxb6 Rxa4 43. Bf1 Ra2 44. Kg1 Rd2 45. Bc4 Rd4 46. Be2 h4 47. Rc6 Ne6 48. Rc4 Rd2 49. Re4 f5 50. Re3 Kf6 51. Bc4 Nc5 52. gxh4 Rd4 53. Bb5 Rxh4 54. Ra3 Rb4 55. Be8 Rb8 56. Bc6 Ne6 57. Ra4 Ke5 58. Ra5+ Kd6 59. Bg2 Nf4 60. Kh2 Ke6 61. Kg3 Rb4 62. Bf3 Kf6 63. Ra6+ Kg7 64. Rd6 Kh6 65. h4 Rc4 66. Bd1 Nh5+ 67. Bxh5 Kxh5 {KR-KR} 68. f4 Rc1 69. Ra6 Rg1+ 70. Kf3 Rh1 71. Kg3 Rg1+ 72. Kf3 Kxh4 73. Kf2 Rg4 74. Kf3 Kh3 75. Rb6 Kh4 76. Ra6 Kh5 77. Ra8 {[%cal Ra8h8] [#]} Kh6 78. Ra1 Rh4 79. Kg3 Rh5 80. Rb1 Kg7 81. Rb7+ Kf8 82. Rb8+ Ke7 83. Rb7+ Kd8 84. Rb6 Rh6 85. Ra6 Ke8 {Precision: White = 62%, Black = 64%.} 1/2-1/2

[Event "CRO-ch Men 2018"]
[Site "Pozega"]
[Date "2018.04.27"]
[Round "11.4"]
[White "Saric, Ivan"]
[Black "Fercec, Nenad"]
[Result "1-0"]
[WhiteElo "2677"]
[BlackElo "2446"]
[Annotator "TA"]
[PlyCount "93"]
[EventDate "2018.??.??"]
[EventType "tourn"]
[EventCountry "CRO"]
[SourceTitle "playchess.com"]
[Source "ChessBase"]
[SourceQuality "1"]

{[%evp 30,93,52,14,37,32,58,49,80,87,80,75,82,77,77,77,72,74,79,68,66,68,67,66,78,0,0,0,0,0,25,0,0,0,0,0,0,0,11,-6,0,0,0,0,264,250,231,233,592,591,581,579,911,911,6382,2053,12810,6470,6470,10110,6387,6379,6375,6370,6370,5481]} 1. e4 e5 2. Nf3 Nc6 3. Bb5 a6 4. Ba4 Nf6 5. O-O Be7 6. Re1 b5 7. Bb3 d6 8. c3 O-O 9. h3 Nb8 10. d4 Nbd7 11. Nbd2 Bb7 12. Bc2 Re8 13. Nf1 Bf8 14. Ng3 g6 15. a4 Rb8 {C95: Closed Ruy Lopez: Breyer Variation with 10 d4} (15... Nb6 16. axb5 axb5 17. Bg5 Bg7 18. Bd3 Rxa1 19. Qxa1 c6 20. Be3 Qc7 21. dxe5 dxe5 22. Qc1 Bc8 23. Qc2 {½-½ (32) Anand,V (2767)-Carlsen,M (2834) Wijk aan Zee 2018}) 16. b3 {LiveBook: 4 Games} Bg7 17. d5 {[#]} Nc5 $146 {White is slightly better.} ({Predecessor:} 17... Nb6 18. a5 Nc8 19. c4 c6 20. Be3 b4 21. dxc6 Bxc6 22. Re2 Nd7 23. Bd2 {0-1 (68) Mihok,O (2457)-Vajda,L (2504) Budapest 2011}) 18. Be3 c6 {[%cal Rc6d5]} 19. axb5 cxb5 20. Qd2 Rc8 21. c4 bxc4 22. bxc4 Nfd7 23. Reb1 Qc7 24. Ba4 Nxa4 25. Rxa4 Ra8 26. Rab4 Bc8 27. Bb6 (27. Qa2 $16) 27... Nxb6 $11 28. Rxb6 Bf8 29. Qa2 a5 30. Ne2 a4 31. Nc3 Bd7 32. Rb7 $36 {[%mdl 2048] White fights for an advantage.} Qc8 33. Qa3 Rd8 34. R1b4 Ra5 35. Nd2 Bh6 36. Rb8 Bxd2 $4 {[%mdl 8192] [#]} (36... Qxb8 $11 {and Black is okay.} 37. Rxb8 Rxb8 38. Qxd6 Rb7) 37. Rxc8 $18 Rxc8 38. Rb7 Be8 $2 (38... Bxc3 {is more resistant.} 39. Rxd7 Bd4) 39. Nb5 {White is clearly winning.} Bxb5 40. cxb5 Bc1 41. Qxd6 a3 {[#]} 42. Rb8 (42. Rxf7 $142 $1 {[%mdl 512]} Kxf7 43. Qd7+ Kf6 44. d6) 42... Rxb8 43. Qxb8+ Kg7 44. Qxe5+ Kg8 45. Qc3 Rxb5 46. Qc8+ Kg7 47. Qxc1 {Precision: White = 60%, Black = 44%.} 1-0

[Event "CRO-ch Men 2018"]
[Site "Pozega"]
[Date "2018.04.27"]
[Round "11.6"]
[White "Brkic, Ante"]
[Black "Jovanovic, Zoran"]
[Result "1-0"]
[WhiteElo "2596"]
[BlackElo "2536"]
[Annotator "TA"]
[PlyCount "187"]
[EventDate "2018.??.??"]
[EventType "tourn"]
[EventCountry "CRO"]
[SourceTitle "playchess.com"]
[Source "ChessBase"]
[SourceQuality "1"]

{[%evp 15,187,38,29,0,44,28,21,0,0,0,27,23,0,13,16,9,5,9,27,0,21,2,47,35,46,56,61,43,36,44,53,0,35,53,119,102,83,115,280,283,268,271,262,255,451,456,517,535,551,467,529,0,355,307,340,288,283,250,245,239,291,252,248,234,289,187,184,201,241,240,302,280,311,274,290,290,416,410,391,394,426,453,442,431,392,375,334,327,564,563,520,487,446,458,404,342,598,445,555,552,588,488,625,625,29952,29956,29957,29958,29949,29956,29955,29961,29961,29962,29962,29961,29961,12351,29960,29962,29964,29966,29970,29970,29962,29971,29966,29972,29972,29965,29975,29978,29978,29979,29978,29979,29979,29980,29988,29980,29980,29981,29981,29981,29980,29981,29982,29983,29984,29985,29986,29987,29987,29987,29987,29981,29988,29989,29989,29990,29990,29991,29991,29988,29992,29993,29995,29995,29995,29996,29996,29997,29997,29998]} 1. e4 g6 2. d4 c6 3. Nc3 d5 4. e5 f6 (4... Bg7 5. f4 h5 6. Nf3 Nh6 7. Be3 Qb6 8. Rb1 Bg4 9. Be2 Nd7 10. O-O Nf8 11. Na4 Qc7 12. Nc5 Nf5 13. Bf2 Bh6 14. Nh4 Bxf4 15. Bxg4 Ne3 {1-0 (52) Duda,J (2693)-Jobava,B (2713) Chartres 2017}) 5. f4 Nh6 6. Nf3 {B15: Caro-Kann: 3 Nc3: 3...g6 and 3...dxe4 4 Nxe4 Nf6 5 Nxf6+ exf6} Bg4 7. h3 Bxf3 8. Qxf3 Nf5 {LiveBook: 3 Games} 9. Ne2 fxe5 10. dxe5 e6 11. Bd2 Nd7 $146 {[%cal Bb8d7,Bd7c5,Bc5e4][%mdl 32]} ({Predecessor:} 11... Qb6 12. O-O-O {0-1 (27) Seps,M (2173)-Foisor,C (2402) Gothenburg 2005}) 12. O-O-O Nc5 13. g4 Nh4 14. Qe3 Ne4 15. Be1 {Black must now prevent Qxe4!} Bc5 $1 {[%cal Rc5e3]} 16. Nd4 O-O 17. c3 Qe7 18. Rh2 Rf7 {Strongly threatening ...Raf8.} (18... Bb6 $5 {[%cal Rf8f7]}) 19. Bd3 $1 Raf8 20. Bxe4 dxe4 21. Bg3 Nf3 22. Rf2 g5 {[%cal Rg5f4]} 23. fxg5 ({White should play} 23. Qxe4 $14 gxf4 24. Rxf3 fxg3 25. Rxg3) 23... Bxd4 24. cxd4 Nxg5 {[#]} (24... Qd8 $14) 25. Rf6 $1 $36 {[%mdl 2560] White has strong initiative.} h6 (25... Rxf6 26. Qxg5+) 26. h4 Nh7 $2 (26... Rxf6 $16 27. exf6 Rxf6) 27. g5 $18 (27. Rxh6 Rf3 $14) 27... hxg5 28. hxg5 Rg7 29. Bf4 (29. Qxe4 Nxg5 30. Qg4 Nh7 $11) 29... c5 $2 (29... Qd7 30. Kb1 (30. Qxe4 Qd5 $16) 30... b5) 30. dxc5 Rc8 31. Kb1 Qe8 32. Rh6 Nf8 33. Rf6 $2 ({Better is} 33. g6 $18) 33... Qh5 $2 {[%mdl 8192]} (33... Nh7 $1 $11) 34. Rf1 Rd8 35. Qxe4 Rd1+ 36. Bc1 {[%csl Gf1][%cal Rf6f8]} Rxf1 37. Rxf1 Rd7 38. c6 bxc6 39. Qxc6 {Threatens to win with Rxf8+!} Qg6+ 40. Qc2 Qxc2+ 41. Kxc2 {[%mdl 4096] Endgame KRB-KRN} Rd5 42. Rf3 Rxe5 43. Rc3 a5 44. Rc7 Rd5 45. Bd2 Nh7 (45... Nd7 {was called for.} 46. a4 Ne5) 46. g6 {[%cal Bg5g6,Bg6g7][%mdl 32]} Nf8 47. Bh6 {Hoping for g7.} Rh5 48. Bxf8 $1 Kxf8 {KR-KR} 49. g7+ Kg8 50. Kb3 Rb5+ 51. Ka3 Rb4 $2 (51... a4 52. Rc2 (52. Kxa4 Rxb2 53. a3 Rb8 $16) 52... Ra5) 52. b3 Re4 53. Ra7 e5 54. Rxa5 Kxg7 55. b4 Re1 $2 (55... Kf6 56. Ra6+ Ke7) 56. Ka4 e4 57. Rf5 $1 Kg6 58. Rf8 Ra1 59. a3 {[%cal Ba2a3,Ba3a4,Ba4a5][%mdl 32]} Kg5 60. b5 e3 61. Re8 Kf4 62. b6 $1 {[%cal Rb6b7]} Rb1 63. Ka5 Kf3 64. a4 $1 e2 65. Ka6 Rb4 {[#]} 66. Rxe2 $3 {[%mdl 512]} Kxe2 {[#] KR-KPP} 67. a5 $1 {White mates.} Kd3 68. b7 Kc4 69. Ka7 Kb5 70. b8=Q+ Kxa5 {KQ-KR} 71. Qd8+ Kb5 72. Qd5+ Ka4 73. Ka6 {[%cal Rd5a2]} Ka3 74. Ka5 Ra4+ 75. Kb5 Rb4+ 76. Kc5 Rb2 77. Qd3+ Rb3 78. Qa6+ Kb2 79. Kc4 Rc3+ 80. Kd4 Rb3 81. Qa5 Rb8 82. Kc4 Rg8 83. Qe5+ Kc2 84. Qe2+ Kc1 85. Qe6 Rg2 86. Qe3+ Kb2 87. Qe5+ Ka2 88. Kc3 Rb2 89. Qa5+ Kb1 90. Qa4 Rf2 91. Qd1+ Ka2 92. Qd5+ Kb1 93. Qb7+ Ka1 94. Qa7+ {Precision: White = 86%, Black = 37%.} 1-0